Province più a Sud - Morte improvvisa - Statistics

Statistiche generali
  • Questo quiz è stato fatto 244 volte
  • Il punteggio medio è 6 su 15
Answers on the Grid
Answers color-coded by a green-red scale on the quiz's grid according to % correct below.
Agrigento
Siracusa
Ragusa
Trapani
Caltanissetta
Catania
Enna
Palermo
Messina
Reggio Calabria
Vibo Valentia
Catanzaro
Sud Sardegna
Crotone
Cagliari
Cosenza
Matera
Potenza
Nuoro
Oristano
Sassari
Foggia
Salerno
Avellino
Napoli
Lecce
Campobasso
Frosinone
Rieti
Teramo
 
Statistiche sulle risposte
Risposta % Corretto
Catania
55%
Siracusa
51%
Agrigento
50%
Palermo
50%
Enna
46%
Ragusa
45%
Caltanissetta
44%
Messina
44%
Reggio Calabria
43%
Trapani
39%
Crotone
30%
Vibo Valentia
30%
Catanzaro
29%
Sud Sardegna
11%
Cagliari
7%
Nessun quiz corrispondente trovato
Distribuzione punteggi
Percentuale di utenti per punteggio
Percentile per numero di risposta
I tuoi punteggi nel tempo
Non hai fatto questo quiz